FNAF 6 ANIMATRONICS - Statistiques

Statistiques générales
  • Ce quiz a été pris 39 fois
  • Le résultat moyen est 11 sur 15
Statistiques - réponses
Par images Réponse % Correct
Lefty
88%
Scrap Baby
88%
Rockstar Bonnie
84%
Rockstar Chica
84%
Rockstar Freddy
84%
Funtime Chica
81%
Molten Freddy
81%
Rockstar Foxy
81%
Scraptrap
78%
Mr. Hippo
72%
El Chip
69%
Orville Elephant
59%
Pigpatch
59%
Nedd Bear
56%
Happy Frog
53%
Aucun quiz correspondant
Distribution des résultats
% des personnes avec chaque résultat
Percentile par nombre de réponses
Votre historique - résultats
Vous n’avez pas pris ce quiz